C.D. FIELD'S LAW ON ADMISSIONS & CONFESSIONS (Record no. 10944)

MARC details
000 -LEADER
fixed length control field 00375nam a22001577a 4500
003 - CONTROL NUMBER IDENTIFIER
control field SGT
020 ## - INTERNATIONAL STANDARD BOOK NUMBER
International Standard Book Number 9788186976388
082 ## - DEWEY DECIMAL CLASSIFICATION NUMBER
Classification number 345.540 6,CHA
100 ## - MAIN ENTRY--PERSONAL NAME
Personal name CHATURVEDI,GOPAL,S.
245 ## - TITLE STATEMENT
Title C.D. FIELD'S LAW ON ADMISSIONS & CONFESSIONS
250 ## - EDITION STATEMENT
Edition statement 2ND
260 ## - PUBLICATION, DISTRIBUTION, ETC. (IMPRINT)
Place of publication, distribution, etc NEW DELHI
Name of publisher, distributor, etc DELHI LAW HOUSE
Year of Publication 2003
300 ## - PAGE DESCRIPTION
No. of Pages 732
490 ## - SERIES STATEMENT
Series statement LAW ON ADMISSIONS
942 ## - ADDED ENTRY ELEMENTS (KOHA)
Source of classification or shelving scheme Dewey Decimal Classification
Koha item type Books
Holdings
Withdrawn status Lost status Source of classification or shelving scheme Damaged status Not for loan Collection code Home library Current library Shelving location Date acquired Vendor Name SGTU Bill Number Full call number Accession No. (Barcode) Date last seen Bill Date Koha item type Total Checkouts
    Dewey Decimal Classification   Not For Loan LAW SGT Science & Social Sciences Library SGT Science & Social Sciences Library Reference Book 15/02/2017 TECHNICAL BUREA INDIA LIMITED SGTU 2002 345.540 6,CHA FL1055 15/02/2017 26/09/2016 Books  
    Dewey Decimal Classification     LAW SGT Science & Social Sciences Library SGT Science & Social Sciences Library Text Book 15/02/2017 TECHNICAL BUREA INDIA LIMITED SGTU 2002 345.540 6,CHA FL1056 15/02/2017 26/09/2016 Books